|
|
|
|
| LEADER |
00000nab a2200000 a 4500 |
| 001 |
vtls000765419 |
| 003 |
SK-MaSNL |
| 005 |
20260302153258.0 |
| 008 |
140301c2001 xo 0 slo |
| 015 |
|
|
|a SNBRB2001/08-23963
|
| 035 |
|
|
|a CLN000117206
|
| 040 |
|
|
|a SNKBUCL
|b slo
|c SNKBUCL
|e AACR2
|
| 041 |
0 |
|
|a slo
|
| 044 |
|
|
|a xo
|c SK
|
| 080 |
|
|
|a 334.78:621:061.2(437.6):061.3
|2 1997
|
| 080 |
|
|
|a 331.881(437.6)
|2 1997
|
| 110 |
0 |
|
|a Zväz strojárskeho priemyslu Slovenskej republiky
|4 aut
|9 21253
|
| 245 |
0 |
0 |
|a Memorandum valného zhromaždenia Zväzu strojárskeho priemyslu SR
|c Zväz strojárskeho priemyslu SR
|
| 610 |
|
7 |
|a Zväz strojárskeho priemyslu Slovenskej republiky
|b Valné zhromaždenie
|d 2001
|x memorandum
|2 snkbucl
|9 848072
|
| 655 |
|
7 |
|a články z novín a časopisov
|2 snkbucl
|9 267496
|
| 773 |
0 |
|
|t Hospodárske noviny
|g Roč. 9, č. 122 (26.6.2001)
|x 1335-4701
|
| 773 |
0 |
|
|t [Príl.] Zamestnávateľ a export
|g Č. 6, s. 18
|x 1335-4701
|
| 850 |
|
|
|a Slovenská národná knižnica v Martine
|
| 852 |
|
|
|a SNK
|b KIS3GCP
|
| 958 |
|
|
|a SK
|
| 992 |
|
|
|a RBX
|
| 999 |
|
|
|c 1364963
|d 1366893
|